| 000 | 00538nam a2200205 a 4500 | ||
|---|---|---|---|
| 999 |
_c7465 _d7465 |
||
| 001 | 7465 | ||
| 003 | BD-JhCC | ||
| 005 | 20180210170320.0 | ||
| 008 | 171128s1964 bg |||| || | 000 0 eng d | ||
| 035 | _a(BD-JhCC)4518 | ||
| 040 |
_aBD-JhCC _dBD-JhCC |
||
| 041 | _aeng | ||
| 082 |
_a305.800954923 _bALI 1964 |
||
| 100 | _aAli, Syed Murtaza | ||
| 245 |
_aHistory of Chittagong / _cSyed Murtaza Ali |
||
| 260 |
_aDhaka: _bStandard Publishers Ltd, _c1964 |
||
| 300 |
_a139 p. : _c22 cm. |
||
| 650 | _aChittagong Hill tracks | ||
| 942 |
_2ddc _cBK |
||